Cinéma Clic - Qui meurt ou reste en vie dans Le Jour d'après (2004) ? - Statistiques

Statistiques générales
  • Ce quiz a été pris 29 fois
  • Le résultat moyen est 19 sur 26
Statistiques - réponses
Hint Extra Hint Réponse % Correct
Terry Rapson Meurt dans le film
92%
L'homme d'affaires dans le bus Meurt dans le film
92%
Bob Meurt dans le film
88%
Laura Chapman Reste en vie dans le film
88%
Jeff Baffin Meurt dans le film
85%
Frank Harris Meurt dans le film
85%
Pr Jack Hall Reste en vie dans le film
85%
Sam Hall Reste en vie dans le film
85%
Tommy Meurt dans le film
81%
Dr Lucy Hall Reste en vie dans le film
81%
Le policier new-yorkais Meurt dans le film
77%
Brian Parks Reste en vie dans le film
77%
Président Blake Meurt dans le film
73%
Dennis Meurt dans le film
73%
Simon Meurt dans le film
73%
Judith, la bibliothécaire Reste en vie dans le film
73%
J. D. Reste en vie dans le film
73%
Janet Tokada Reste en vie dans le film
69%
Luther Reste en vie dans le film
69%
la secrétaire d’État Reste en vie dans le film
65%
Elsa Reste en vie dans le film
65%
le vice-Président Raymond Becker Reste en vie dans le film
62%
Tina Meurt dans le film
58%
Jason Evans Reste en vie dans le film
54%
Gomez Reste en vie dans le film
54%
Peter Reste en vie dans le film
46%
Aucun quiz correspondant
Distribution des résultats
% des personnes avec chaque résultat
Percentile par nombre de réponses
Votre historique - résultats
Vous n’avez pas pris ce quiz